000 00413nam a2200181Ia 4500
001 2889
005 20260306144840.0
008 260306t2005||||xx |||||||||||||| ||spa||
041 _aESP
082 _a231.4
_bS719
100 _aSayés, José Antonio
_eAUT
245 0 _aDios y la razón
260 _c2005
300 _a357 páginas :
_c21 cm.
650 _aGEN
654 _aCHU
942 _cLIB
_dJUS
_fJUS
_2ddc
_n
999 _c2889
_d2889